More than 50 appearances players: France - Statistiques

Statistiques générales
  • Ce quiz a été pris 29 fois
  • Le résultat moyen est 23 sur 54
Statistiques - réponses
PLAYERS CLUB (most played for) APPEARANCES FIRST % Correct
4 Antoine Griezmann Atletico Madrid / Barcelona 137 2014-2024
100%
1 Hugo Lloris Tottenham / Lyon 145 2008-2022
100%
2 Lilian Thuram Parma / Juventus 142 1994-2008
100%
5 Thierry Henry Arsenal / As Monaco 123 1997-2010
97%
7 Zinédine Zidane Real Madrid / Juventus 108 1994-2006
97%
3 Olivier Giroud Arsenal / Ac Milan 137 2011-2024
93%
9 Didier Deschamps Juventus / Marseille 103 1989-2000
90%
10 Karim Benzema Real Madrid / Lyon 97 2007-2022
90%
17 Kylian Mbappe Paris SG / Real Madrid 86 2017-...
90%
15 Paul Pogba Manchester United / Juventus 91 2013-...
90%
11 Laurent Blanc Marseille / Inter Milan 97 1989-2000
86%
6 Marcel Desailly Ac Milan / Chelsea 116 1993-2004
79%
12 Bixente Lizarazu Bayern / Bordeaux 97 1992-2004
76%
22 Franck Ribery Bayern / Marseille 81 2006-2014
76%
8 Patrick Vieira Arsenal 107 1997-2009
76%
13 Raphaël Varane Real Madrid / Manchester United 93 2013-2022
76%
28 David Trezeguet Juventus / As Monaco 71 1998-2008
66%
18 Blaise Matuidi Paris SG / Juventus 84 2010-2019
59%
27 Michel Platini Juventus / Saint-Etienne 72 1976-1987
59%
35 N'golo Kante Chelsea / Al Itthiad 64 2016-...
59%
20 Youri Djorkaeff As Monaco / Inter Milan 82 1993-2002
48%
43 Benjamin Pavard Bayern / Inter Milan 55 2017-...
45%
44 Jean-Pierre Papin Marseille / Ac Milan 54 1986-1995
45%
45 Ousmane Dembele Barcelona / Borussia Dortmund 53 2016-...
45%
14 Sylvain Wiltord Arsenal / Lyon 92 1999-2006
45%
25 Robert Pirès Arsenal / Villareal 79 1996-2004
28%
51 Adrien Rabiot Juventus / Paris SG 50 2016-...
24%
34 Bacary Sagna Arsenal / Manchester City 65 2007-2016
24%
16 Fabien Barthez Marseille / As Monaco 87 1994-2006
24%
50 Laurent Koscielny Arsenal 51 2011-2018
21%
54 Lucas Digne Barcelona / Aston Villa 50 2014-...
21%
23 Patrice Evra Manchester United / As Monaco 81 2004-2016
21%
40 Willy Sagnol Bayern / As Monaco 58 2000-2008
21%
42 Christophe Dugarry Bordeaux / Marseille 55 1994-2002
17%
47 Didier Six Marseille / Stuttgart 52 1976-1984
17%
24 Florent Malouda Chelsea / Lyon 80 2004-2012
17%
52 Franck Leboeuf Chelsea / Marseille 50 1995-2002
17%
53 Joel Bats Auxerre / Paris SG 50 1983-1989
17%
38 Kingsley Coman Bayern / Juventus 58 2015-...
17%
37 Luis Fernandez Paris SG 60 1982-1992
17%
21 Manuel Amoros As Monaco / Marseille 82 1982-1992
17%
30 Claude Makélélé Chelsea / Nantes 71 1995-2008
14%
33 Marius Tresor Marseille / Bordeaux 65 1971-1983
14%
48 Mathieu Valbuena Marseille / Dynamo Moscow 52 2010-2015
14%
29 Moussa Sissoko Tottenham / Newcastle 71 2009-2021
14%
46 Christian Karembeu Real Madrid / Sampdoria 53 1992-2002
10%
36 Emmanuel Petit Arsenal / As Monaco 63 1990-2003
10%
32 Eric Abidal As Monaco / Barcelona 66 2004-2013
10%
49 Jean Tigana Bordeaux 52 1980-1988
10%
26 Maxime Bossis Nantes 76 1976-1986
10%
31 Nicolas Anelka Chelsea / Manchester City 69 1998-2010
10%
39 Henri Michel Nantes 58 1970-1980
7%
41 Patrick Battiston Bordeaux / Saint Etienne 56 1977-1989
7%
19 William Gallas Arsenal / Chelsea 84 2002-2010
7%
Aucun quiz correspondant
Distribution des résultats
% des personnes avec chaque résultat
Percentile par nombre de réponses
Votre historique - résultats
Vous n’avez pas pris ce quiz